000
00370nam a2200157Ia 4500
008
240830s1959 xx 000 0 und d
041
_a
eng
082
_a
1
100
_a
JPHN
245
_a
SHAWA TEXT BOOK OF GYNAECOLOGY
250
_a
1
260
_a
AHMEDNAGAR
_b
N.D.
_c
1959
300
_a
100p
906
_a
SHAWA TEXT BOOK OF GYNAECOLOGY
999
_c
1183969
_d
1183969